[Japonská ekonomika ve 21.století. trendy a problémy]

Recenzia na publikáciu, ktorá sa zameriava na analýzu dlhodobej trajektórie japonskej ekonomiky.

Uložené v:
Podrobná bibliografia
Hlavný autor: Baláž, Peter
Médium: Kapitola
Jazyk:Slovak
Predmet:
Tagy: Pridať tag
Žiadne tagy, Buďte prvý, kto otaguje tento záznam!

MARC

LEADER 00000naa a2200000 4500
001 0211305
005 20240502073525.6
041 0 |a slo 
044 |a SK 
245 1 0 |a [Japonská ekonomika ve 21.století. trendy a problémy]  |c Peter Baláž 
520 |a Recenzia na publikáciu, ktorá sa zameriava na analýzu dlhodobej trajektórie japonskej ekonomiky. 
610 2 0 |a recenzie 
610 2 0 |a analýza ekonomická 
610 2 0 |a Japonsko 
610 2 0 |a vývoj hospodársky 
100 1 |a Baláž, Peter